|
|
|
|
| LEADER |
00000nam0a2200000 4500 |
| 001 |
262699 |
| 005 |
20231101233657.0 |
| 010 |
|
|
|a 5020080063
|
| 035 |
|
|
|a (RuTPU)RU\TPU\book\285682
|
| 090 |
|
|
|a 262699
|
| 100 |
|
|
|a 20140603d1988 k y0rusy50 ca
|
| 101 |
0 |
|
|a rus
|
| 102 |
|
|
|a RU
|
| 105 |
|
|
|a y z 000zy
|
| 200 |
1 |
|
|a Социальная организация пространства
|e философско-социологический анализ
|f В. Г. Виноградский
|g Академия наук СССР (АН СССР), Институт социально-экономических проблем развития аграрно-промышленного комплекса (ИСЭП АПК) ; под ред. Я. Ф. Аскина
|
| 210 |
|
|
|a Москва
|c Наука
|d 1988
|
| 215 |
|
|
|a 192 с.
|
| 606 |
1 |
|
|a Пространство социальное
|x Философия
|2 stltpush
|3 (RuTPU)RU\TPU\subj\52837
|9 71229
|
| 610 |
1 |
|
|a социальная организация
|
| 610 |
1 |
|
|a общественное бытие
|
| 610 |
1 |
|
|a поселения
|
| 610 |
1 |
|
|a общественное пространство
|
| 610 |
1 |
|
|a общество
|
| 686 |
|
|
|a Ю63
|v LBC/SL-A
|2 rubbk
|
| 700 |
|
1 |
|a Виноградский
|b В. Г.
|g Валерий Георгиевич
|
| 702 |
|
1 |
|a Аскин
|b Я. Ф.
|4 340
|
| 712 |
0 |
2 |
|a Академия наук СССР (АН СССР)
|b Институт социально-экономических проблем развития аграрно-промышленного комплекса (ИСЭП АПК)
|c (Саратов)
|2 stltpush
|3 (RuTPU)RU\TPU\col\19353
|
| 801 |
|
1 |
|a RU
|b 63413507
|c 20140603
|
| 801 |
|
2 |
|a RU
|b 63413507
|c 20150330
|g RCR
|
| 942 |
|
|
|c BK
|